UM Logo

Cook. (Record no. 7677)

MARC details
000 -LEADER
fixed length control field 00399nam a2200133 4500
008 - FIXED-LENGTH DATA ELEMENTS--GENERAL INFORMATION
fixed length control field 160420b xxu||||| |||| 00| 0 eng d
022 ## - INTERNATIONAL STANDARD SERIAL NUMBER
International Standard Serial Number 0119-9000
082 ## - DEWEY DECIMAL CLASSIFICATION NUMBER
Edition number April-July 2012
Classification number DPer 641.505
Item number C77
245 ## - TITLE STATEMENT
Title Cook.
260 ## - PUBLICATION, DISTRIBUTION, ETC. (IMPRINT)
Place of publication, distribution, etc. Philippines:
Name of publisher, distributor, etc. UBM Medica;
Date of publication, distribution, etc. April - July 2012.
300 ## - PHYSICAL DESCRIPTION
Extent various paging:
Other physical details color illustrations;
Dimensions 29 cm.
650 #0 - SUBJECT ADDED ENTRY--TOPICAL TERM
9 (RLIN) 23121
Topical term or geographic name as entry element Cooking
Form subdivision Periodicals
942 ## - ADDED ENTRY ELEMENTS (KOHA)
Source of classification or shelving scheme Dewey Decimal Classification
Koha item type Periodicals
Holdings
Withdrawn status Lost status Source of classification or shelving scheme Materials specified (bound volume or other part) Damaged status Not for loan Collection code Home library Current library Source of acquisition Total Checkouts Full call number Barcode Date last seen Copy number Price effective from Koha item type Public note
    Dewey Decimal Classification Vol. 13 No. 1-3     Periodicals UM Digos College - LIC UM Digos College - LIC Purchased   DPer 641.505 C77 April - July 2012 v.13 n. 1-3 00095 11/06/2017 1 11/06/2017 Periodicals Bound Periodicals